000 00923nam a2200241 a 4500
008
020 _a0444876219 (cased)
049 _aMAIN
090 _aHE6239.E54
110 2 _aIFIP WG 6.5 Working Conference on Computer-Based Message Services
_d(1984 :
_cNottingham, England)
245 1 0 _aComputer-based message services :
_bproceedings of the IFIP WG 6.5 Working Conference on Computer-Based Message Services, Nottingham, England, 1-4 May, 1984 /
_cedited by Hugh T. Smith.
260 _aAmsterdam :
_bElsevier Science,
_c1984.
300 _aix, 340 p. ;
_c23 cm.
504 _aIncludes bibliographical references.
650 0 _aElectronic mail systems
_vCongresses.
700 1 _aSmith, H. T.
_q(Hugh T.)
710 2 _aIFIP WG 6.5
907 _a.b10050929
_b21-07-03
_c17-04-03
003
005 20230123133224.0
040 _cNUST
942 _cBOOKS
_kHE6239.E54
999 _c144858
_d144858